000
00294nam a2200121Ia 4500
008
220204s9999 xx 000 0 und d
082
_a
631.4
_b
PAT
100
_a
Paton, T R
245
0
_a
Soils : A new global view
260
_a
London
_b
UCL Press
_c
1995
650
_a
Soil formation
942
_c
BK
999
_c
41770
_d
41770